000 00294nam a22001337a 4500
008 170329b xxu||||| |||| 00| 0 eng d
020 _a9780805378993
041 _aeng
080 _a796.3
100 _a8
101 _aSHM
245 _aTOTAL FITNESS AND WELLNES
_cPOWERS.S.K
942 _2udc
_cBK
999 _c8909
_d8909